000 00821nam a2200277 i 4500
001 C2-0259275
003 PPAK
005 20180727225644.0
008 041007s2003 paua|||| ||||| | eng d
020 _a0791069400
040 _aPPAK
_beng
_cPPAK
_erda
082 0 4 _a920
_223
090 0 0 _a920
_bJON
_dG
100 1 _aJones, Veda Boyd,
_eauthor
245 1 0 _aGeorge W. Bush
264 1 _aPhiladelphia :
_bChelsea House Publishers ,
_c2003
300 _a123 pages :
_bcolour illustrations ;
_c24 cm
336 _2rdacontent
_atext
337 _2rdamedia
_aunmediated
338 _2rdacarrier
_avolume
490 1 _aMajor world leaders
500 _aIncludes index
650 1 0 _aBush, George W. (George Walker), 1946- ; Presidents - United States - Biography
830 0 _aMajor world leaders
942 _ddc
_cB
999 _c70692
_d70692